IFM Opac

Scandinavian political studies (Record no. 18351)

MARC details
000 -LEADER
fixed length control field 00407nam a22001457a 4500
020 ## - INTERNATIONAL STANDARD BOOK NUMBER
International Standard Book Number 0803905653
082 ## - DEWEY DECIMAL CLASSIFICATION NUMBER
Classification number 948 SCA
100 ## - MAIN ENTRY--PERSONAL NAME
Personal name Scandinavian political studies
245 ## - TITLE STATEMENT
Title Scandinavian political studies
250 ## - EDITION STATEMENT
Edition statement volume 10/75
260 ## - PUBLICATION, DISTRIBUTION, ETC.
Place of publication, distribution, etc. London
Name of publisher, distributor, etc. Beverly Hills and London sage publications
Date of publication, distribution, etc. 1975
300 ## - PHYSICAL DESCRIPTION
Extent 222p.
Other physical details Ill., 25cm
650 ## - SUBJECT ADDED ENTRY--TOPICAL TERM
Topical term or geographic name entry element participation and democratic theory
942 ## - ADDED ENTRY ELEMENTS (KOHA)
Koha item type Books
Holdings
Withdrawn status Lost status Source of classification or shelving scheme Damaged status Not for loan Home library Current library Shelving location Date acquired Full call number Barcode Date last seen Price effective from Koha item type
    Dewey Decimal Classification     IFM Main Campus Library IFM Main Campus Library   08/15/2017 948 SCA ooooo11976 08/15/2017 08/15/2017 Books